000 01092namaa2200229 i 4500
001 174146
003 ES-MaACL
005 20250815105803.0
008 100224s1916 sp | |||| ||spa d
080 _a551.79(460.28)
100 1 _aFernández Navarro, Lucas,
_d1869-1930
_949953
245 1 0 _aDatos topológicos del cuaternario de Castilla la Nueva /
_cpor L. Fernández Navarro y J. Gómez de Llarena.
260 _aMadrid :
_bJunta para Ampliación de Estudios e Investigaciones Científicas,
_c1916 (
_fImp. de Fontanet)
300 _a26 p., VII h. de lám. :
_bil. ;
_c23 cm.
490 1 _aTrabajos del Museo Nacional de Ciencias Naturales. Serie geológica ;
_v18
650 4 _aCuaternario-
_zCastilla -La Mancha.
_9142231
700 1 _aGómez de Llarena, Joaquín (
_d1891-1979)
_957911
710 2 _aJunta para la Ampliación de Estudios e Investigaciones Científicas.
_95413
830 0 0 _aTrabajos del Museo Nacional de Ciencias Naturales.
_pSerie geológica
_v18
_9189286
852 _aES-MaACL
_jB-13128(6)
_z.- Encuadernado con otras obras
999 _c174146
_d174146